[Event "27th 4NCL OTB Congress"]
[Site "Harrogate, United Kingdom"]
[Date "2022.01.22"]
[Round "3.1"]
[White "Arkell, Keith C"]
[Black "Hunt, Harriet V"]
[Result "1-0"]
[WhiteElo "2454"]
[BlackElo "2413"]
[PlyCount "115"]
[EventDate "2022.01.21"]

1. d4 Nf6 2. Nf3 e6 3. c4 b6 4. g3 Ba6 5. b3 b5 6. cxb5 Bxb5 7. Bg2 Bc6 8. O-O
a5 9. Bg5 h6 10. Bxf6 Qxf6 11. Nc3 Bb4 12. Rc1 Na6 13. Qd3 Ba3 14. Rcd1 Nb4 15.
Qb1 O-O 16. Ne5 Nd5 17. Ne4 Qe7 18. Nxc6 dxc6 19. Qc2 Nb4 20. Qc4 a4 21. Nc5
axb3 22. axb3 Nd5 23. Nd3 Rab8 24. Qxc6 Rfd8 25. Qc4 Nb6 26. Qc3 Nd5 27. Qc2
Rb6 28. Ne5 Nb4 29. Qc4 Qd6 30. e3 Nd5 31. Qc2 Rb5 32. Ra1 Bb4 33. Nc6 Re8 34.
Qc4 Rb6 35. Rfc1 Ba3 36. Rc2 Nb4 37. Nxb4 Rxb4 38. Qxc7 Rxb3 39. Qa7 Re7 40.
Qa4 Qb4 41. Qxb4 Bxb4 42. Rc8+ Kh7 43. Rb8 Ra3 44. Rb1 Bc3 45. g4 g5 46. Be4+
Kg7 47. Kg2 Rea7 48. Rc8 Ba5 49. Rbb8 Bc7 50. Rg8+ Kf6 51. Rbc8 Ra2 52. Rh8 Rd2
53. Rxh6+ Ke7 54. Rh7 Kf6 55. Rh3 Bd6 56. Rd8 Bb4 57. Rdh8 Rda2 58. R8h7 1-0

[Event "27th 4NCL OTB Congress"]
[Site "Harrogate, United Kingdom"]
[Date "2022.01.22"]
[Round "3.2"]
[White "Wells, Peter K"]
[Black "Sowray, Peter J"]
[Result "1/2-1/2"]
[WhiteElo "2423"]
[BlackElo "2311"]
[PlyCount "120"]
[EventDate "2022.01.21"]

1. c4 e6 2. g3 d5 3. Bg2 Nf6 4. Nf3 dxc4 5. Qa4+ Bd7 6. Qxc4 Bc6 7. Nc3 a6 8.
b4 Nbd7 9. O-O Bxf3 10. exf3 Ne5 11. Qe2 Nd3 12. f4 c6 13. f5 Bxb4 14. fxe6 O-O
15. Rb1 Re8 16. exf7+ Kxf7 17. Qd1 Re7 18. Na4 Qd4 19. a3 Ba5 20. Bb2 Nxb2 21.
Nxb2 Bb6 22. Qb3+ Kf8 23. Nc4 Ba7 24. Rbd1 Rd8 25. Ne3 Qd3 26. Qb4 Kf7 27. Bf3
g6 28. Rfe1 Rd4 29. Nc4 Rdd7 30. Rxe7+ Rxe7 31. Qc3 Qd4 32. Qxd4 Bxd4 33. Rb1
b5 34. Na5 c5 35. d3 Rd7 36. Nb3 Rc7 37. Rc1 Ne8 38. Rc2 Ke6 39. h4 Kd6 40. Kg2
Be5 41. Be2 Ng7 42. f4 Bf6 43. Nd2 Bd4 44. Bg4 h5 45. Bh3 a5 46. a4 bxa4 47.
Ra2 Rb7 48. Nc4+ Kc7 49. Rxa4 Nf5 50. Bxf5 gxf5 51. Rxa5 Rb1 52. Kf3 Rf1+ 53.
Ke2 Rf2+ 54. Ke1 Rf3 55. Ke2 Rxg3 56. Ra7+ Kc6 57. Rf7 Rh3 58. Rxf5 Rxh4 59.
Ne5+ Bxe5 60. Rxe5 Rxf4 1/2-1/2

[Event "27th 4NCL OTB Congress"]
[Site "Harrogate, United Kingdom"]
[Date "2022.01.22"]
[Round "3.3"]
[White "Derakhshani, Borna"]
[Black "Clarke, Brandon G I"]
[Result "1/2-1/2"]
[WhiteElo "2404"]
[BlackElo "2502"]
[PlyCount "79"]
[EventDate "2022.01.21"]

1. Nf3 Nf6 2. b3 g6 3. Bb2 Bg7 4. g3 d6 5. Bg2 e5 6. d3 O-O 7. O-O Nc6 8. c4
Re8 9. Nc3 Bf5 10. e4 Bg4 11. h3 Bxf3 12. Bxf3 Nd7 13. Ne2 Nc5 14. Qd2 a5 15.
Bg2 Qb8 16. f4 Qa7 17. Kh1 a4 18. b4 Nxb4 19. Qxb4 Nxd3 20. Qa3 Nxb2 21. Qxb2
exf4 22. Qc1 Bxa1 23. Qxa1 Qc5 24. Nxf4 c6 25. Qf6 Qe5 26. Nd3 Qxf6 27. Rxf6
Re6 28. Rf2 a3 29. Kg1 Ra5 30. g4 Kg7 31. Rc2 Rf6 32. Rc3 h6 33. Rb3 Ra4 34. c5
Rd4 35. Rxa3 dxc5 36. e5 Re6 37. Nxc5 Rxe5 38. Nxb7 Rd2 39. Bf1 h5 40. Na5
1/2-1/2

[Event "27th 4NCL OTB Congress"]
[Site "Harrogate, United Kingdom"]
[Date "2022.01.22"]
[Round "3.4"]
[White "Pal, Rohan"]
[Black "Willow, Jonah B"]
[Result "0-1"]
[WhiteElo "1903"]
[BlackElo "2425"]
[PlyCount "76"]
[EventDate "2022.01.21"]

1. e4 c5 2. Nf3 Nc6 3. Bb5 g6 4. O-O Bg7 5. c3 Nf6 6. Re1 O-O 7. h3 Qb6 8. Na3
d6 9. Qe2 e5 10. Nc2 a6 11. Bc4 Na5 12. Ne3 Nxc4 13. Nxc4 Qc7 14. a4 Be6 15. a5
h6 16. Nb6 Rae8 17. d3 Nd7 18. Nxd7 Bxd7 19. b4 cxb4 20. cxb4 Bb5 21. Bb2 d5
22. Qe3 Qc2 23. Qd2 Qxd3 24. Qxd3 Bxd3 25. exd5 f6 26. Rad1 Bc4 27. Rd2 Rd8 28.
d6 Rd7 29. Nh4 Bf7 30. Rc1 Rfd8 31. Rc7 Bf8 32. f4 Bxd6 33. Rxd7 Rxd7 34. Kh1
e4 35. Bxf6 e3 36. Rd3 e2 37. Re3 Bxf4 38. Rxe2 Rd1+ 0-1

[Event "27th 4NCL OTB Congress"]
[Site "Harrogate, United Kingdom"]
[Date "2022.01.22"]
[Round "3.13"]
[White "Eagleton, Greg T"]
[Black "Gordon, Sean"]
[Result "1/2-1/2"]
[WhiteElo "2078"]
[BlackElo "1824"]
[PlyCount "92"]
[EventDate "2022.01.21"]

1. d4 Nf6 2. c4 g6 3. Nc3 d5 4. Nf3 Bg7 5. e3 O-O 6. Qb3 dxc4 7. Bxc4 Nc6 8.
Qa3 Qd6 9. Qxd6 cxd6 10. O-O a6 11. a4 b6 12. Bd2 Bb7 13. Rac1 Rac8 14. Nd5
Nxd5 15. Bxd5 e6 16. Ba2 d5 17. b4 Nb8 18. Rfd1 Nd7 19. b5 a5 20. h4 Bf6 21. g3
h6 22. Kf1 Be7 23. Rxc8 Rxc8 24. Rc1 Rxc1+ 25. Bxc1 Kg7 26. Ke2 Bd6 27. Bb2 f6
28. Nd2 Kf7 29. Kd3 f5 30. Ke2 g5 31. hxg5 hxg5 32. Nf3 Kf6 33. Nd2 g4 34. Nb1
Kg5 35. Ba3 Bxa3 36. Nxa3 Nf6 37. Bb1 Bc8 38. Bd3 Bd7 39. Nc2 Be8 40. Ne1 Ne4
41. Bc2 Nd6 42. Nd3 Kf6 43. Ne5 Nf7 44. Nd3 Nd6 45. Nf4 Ne4 46. Nd3 Nd6 1/2-1/2

[Event "27th 4NCL OTB Congress"]
[Site "Harrogate, United Kingdom"]
[Date "2022.01.22"]
[Round "3.18"]
[White "Longson, Sarah N"]
[Black "Varley, Joe"]
[Result "1-0"]
[WhiteElo "2177"]
[BlackElo "1983"]
[PlyCount "125"]
[EventDate "2022.01.21"]

1. e4 e5 2. Nf3 Nc6 3. Bc4 Bc5 4. O-O Nf6 5. c3 d6 6. d3 O-O 7. Nbd2 a5 8. Bb3
h6 9. Re1 Bd7 10. Nf1 Ne7 11. h3 Ng6 12. d4 Bb6 13. Ng3 Re8 14. Be3 exd4 15.
Nxd4 Ne5 16. f4 Ng6 17. Qd3 a4 18. Bc4 Nf8 19. f5 Qe7 20. Bf2 c6 21. Qf3 N8h7
22. h4 Rad8 23. Bd3 Bc8 24. Bc2 Nd7 25. Nh5 Nhf6 26. Nxf6+ Qxf6 27. Bxa4 Ne5
28. Qg3 Bc7 29. Rad1 h5 30. Be3 Qe7 31. Bg5 f6 32. Bb3+ d5 33. Bf4 Kf8 34. exd5
cxd5 35. Kh1 Qf7 36. Ba4 Re7 37. Bb3 Rde8 38. Nb5 Bxf5 39. Nxc7 Rxc7 40. Bxd5
Qg6 41. Qxg6 Bxg6 42. Bxe5 Rxe5 43. Rxe5 fxe5 44. Re1 Re7 45. c4 e4 46. Re3 Ke8
47. Kh2 Kd7 48. Bxb7 Kd6 49. Bd5 Ke5 50. Kg3 Kd4 51. Kf2 Re5 52. Ke2 Bf5 53.
Kd2 Bg4 54. a4 Re7 55. a5 Bf5 56. a6 Ra7 57. Bb7 Kxc4 58. Bxe4 Rd7+ 59. Ke2
Bg4+ 60. Bf3 Bxf3+ 61. Kxf3 Rf7+ 62. Ke4 Re7+ 63. Kf4 1-0

[Event "27th 4NCL OTB Congress"]
[Site "Harrogate, United Kingdom"]
[Date "2022.01.22"]
[Round "3.22"]
[White "De Sousa Muachikape, Jael"]
[Black "Stokes, Michael"]
[Result "0-1"]
[WhiteElo "1841"]
[BlackElo "2071"]
[PlyCount "40"]
[EventDate "2022.01.21"]

1. e4 e5 2. Nf3 Nc6 3. Bc4 Bc5 4. d3 Nf6 5. a4 d6 6. h3 O-O 7. O-O Be6 8. Nbd2
Qd7 9. c3 a6 10. b4 Bxc4 11. Nxc4 Ba7 12. Bg5 Qe6 13. b5 Ne7 14. Bxf6 Qxf6 15.
d4 Ng6 16. g3 Qe6 17. Qd3 Qxh3 18. dxe5 Qxg3+ 19. Kh1 Qh3+ 20. Kg1 Nf4 0-1

[Event "27th 4NCL OTB Congress"]
[Site "Harrogate, United Kingdom"]
[Date "2022.01.22"]
[Round "3.23"]
[White "Riddle, Jim"]
[Black "Wedge, David C"]
[Result "0-1"]
[WhiteElo "1585"]
[BlackElo "1906"]
[PlyCount "64"]
[EventDate "2022.01.21"]

1. e4 d6 2. Nf3 g6 3. Bc4 Bg7 4. d4 Nc6 5. O-O e6 6. Nc3 Nge7 7. d5 exd5 8.
exd5 Ne5 9. Bb5+ Bd7 10. Nxe5 Bxe5 11. Bxd7+ Qxd7 12. Bh6 Nf5 13. Bd2 O-O 14.
Ne4 Bg7 15. Bc3 f6 16. b3 Qf7 17. Bb2 Ne7 18. c4 h6 19. Ng3 f5 20. Bxg7 Qxg7
21. Ne2 Rf6 22. Nd4 c6 23. Ne6 Qf7 24. Re1 g5 25. Rc1 Ng6 26. Rc3 f4 27. Rh3
Ne5 28. Rc3 f3 29. g3 Qh5 30. Nd4 c5 31. Nc2 Qh3 32. Ne3 Ng4 0-1

[Event "27th 4NCL OTB Congress"]
[Site "Harrogate, United Kingdom"]
[Date "2022.01.23"]
[Round "4.2"]
[White "Willow, Jonah B"]
[Black "Jones, Steven A"]
[Result "1-0"]
[WhiteElo "2425"]
[BlackElo "2343"]
[PlyCount "75"]
[EventDate "2022.01.21"]

1. e4 c5 2. Nf3 Nc6 3. Nc3 Nf6 4. Bb5 Nd4 5. e5 Nxb5 6. Nxb5 Nd5 7. O-O a6 8.
c4 Nb4 9. Nc3 e6 10. d4 cxd4 11. Nxd4 Qc7 12. a3 Nc6 13. Nxc6 Qxc6 14. Qg4 b6
15. b4 Bb7 16. f3 b5 17. c5 Bxc5+ 18. bxc5 Qxc5+ 19. Kh1 Qxc3 20. Qxg7 O-O-O
21. Bg5 Rdg8 22. Rac1 Rxg7 23. Rxc3+ Bc6 24. Bf6 Rhg8 25. Bxg7 Rxg7 26. Rd1 Kb7
27. Rd4 h5 28. Kg1 Rg5 29. Re3 Kb6 30. Rf4 Rg7 31. Kf2 Kc5 32. h4 Rh7 33. Rc3+
Kd5 34. Re4 Rg7 35. Rc2 a5 36. Ke3 Rg3 37. Kf4 Rg8 38. Re1 1-0

[Event "27th 4NCL OTB Congress"]
[Site "Harrogate, United Kingdom"]
[Date "2022.01.23"]
[Round "4.3"]
[White "Makkar, Rajat"]
[Black "Wells, Peter K"]
[Result "1/2-1/2"]
[WhiteElo "2301"]
[BlackElo "2423"]
[PlyCount "81"]
[EventDate "2022.01.21"]

1. Nf3 d5 2. e3 Nf6 3. c4 e6 4. Nc3 a6 5. b3 c5 6. cxd5 exd5 7. d4 Nc6 8. Be2
cxd4 9. Nxd4 Bb4 10. Bb2 Qa5 11. Rc1 Qxa2 12. O-O Qxb2 13. Rc2 Bxc3 14. Rxb2
Nxd4 15. Ra2 Nxe2+ 16. Qxe2 O-O 17. Qd3 Be5 18. Rc1 g6 19. h3 Bf5 20. Qd1 h5
21. Ra5 Rac8 22. Rac5 Rxc5 23. Rxc5 Be6 24. Rc1 Ne4 25. Qe1 Nd6 26. Qa5 Bd7 27.
Qxd5 Re8 28. f4 Bc6 29. Rxc6 bxc6 30. Qxc6 Bg7 31. Qxd6 Rxe3 32. Qd8+ Kh7 33.
Qd5 f5 34. Qc4 h4 35. Kh2 Re4 36. Qc7 Kh6 37. Qd6 Bd4 38. Qf8+ Bg7 39. Qd6 Bd4
40. Qf8+ Kh5 41. g4+ 1/2-1/2

[Event "27th 4NCL OTB Congress"]
[Site "Harrogate, United Kingdom"]
[Date "2022.01.23"]
[Round "4.4"]
[White "Sowray, Peter J"]
[Black "Derakhshani, Borna"]
[Result "0-1"]
[WhiteElo "2311"]
[BlackElo "2404"]
[PlyCount "114"]
[EventDate "2022.01.21"]

1. d4 d5 2. c4 c6 3. Nf3 Nf6 4. Nc3 dxc4 5. a4 Bf5 6. Ne5 Nbd7 7. Nxc4 Nb6 8.
Ne5 a5 9. g3 Nbd7 10. Nf3 e6 11. Bg2 Bb4 12. O-O O-O 13. Nh4 Bg4 14. h3 Bh5 15.
g4 Nd5 16. Nf3 Bg6 17. Qb3 Qb6 18. Bd2 Bd6 19. Qxb6 N7xb6 20. Rfc1 Nc4 21. Nxd5
exd5 22. Bc3 Be7 23. b3 Nd6 24. Ne5 Ne4 25. Be1 Ra6 26. e3 f6 27. Nxg6 hxg6 28.
f3 Ng5 29. h4 Ne6 30. Bf1 Ra7 31. Bd3 f5 32. Bf2 Bb4 33. Kg2 Raa8 34. Rh1 Rae8
35. h5 fxg4 36. fxg4 g5 37. h6 c5 38. Bg3 cxd4 39. hxg7 Nxg7 40. exd4 Re3 41.
Bh7+ Kf7 42. Rac1 Ne6 43. Be5 Nf4+ 44. Kf2 Rxb3 45. Rc7+ Ke8 46. Rc8+ Kf7 47.
Rc7+ Ke8 48. Rc8+ Ke7 49. Rc7+ Kd8 50. Bf5 Nd3+ 51. Ke2 Nxe5 52. Rhh7 Nf7 53.
Rd7+ Ke8 54. Rxb7 Rb2+ 55. Kd3 Ba3 56. Rbxf7 Rxf7 57. Bg6 Rbf2 0-1

[Event "27th 4NCL OTB Congress"]
[Site "Harrogate, United Kingdom"]
[Date "2022.01.23"]
[Round "4.5"]
[White "Clarke, Brandon G I"]
[Black "Stubbs, Oliver"]
[Result "1-0"]
[WhiteElo "2502"]
[BlackElo "2085"]
[PlyCount "197"]
[EventDate "2022.01.21"]

1. e4 e6 2. d4 d5 3. Nc3 Bb4 4. e5 c5 5. a3 Bxc3+ 6. bxc3 Ne7 7. h4 Qc7 8. h5
h6 9. Rb1 Nbc6 10. Qg4 Rg8 11. Bd3 c4 12. Be2 Qa5 13. Rh3 b6 14. Rf3 Bd7 15.
Kd1 Nf5 16. Qf4 Rf8 17. a4 Qxa4 18. Bb2 O-O-O 19. Ra1 Qb5 20. Ba3 Nfe7 21. Qg3
g6 22. Qf4 gxh5 23. Qh4 Qa4 24. Qxh5 Be8 25. Qxh6 Rg8 26. g3 Ng6 27. Qc1 Qb5
28. Ke1 Kb7 29. Rf6 Nb8 30. Kf1 Rh8 31. Bd6 Nd7 32. Rf3 a5 33. g4 f6 34. exf6
Nxf6 35. Ba3 Ne4 36. Qe3 Nh4 37. Rh3 Bg6 38. Be7 Qb2 39. Rd1 Rd7 40. Rxh4 Rxh4
41. Bxh4 Qxc3 42. Nf3 Qxe3 43. fxe3 Rf7 44. Ke1 Nc3 45. Ne5 Rh7 46. Nxg6 Rh6
47. g5 Rxg6 48. Bh5 Rg8 49. g6 a4 50. Ra1 b5 51. Be7 Ne4 52. Bh4 Kb6 53. Ke2
Ka5 54. Rf1 Kb4 55. Rb1+ Ka5 56. Be1+ c3 57. Kd3 b4 58. Bh4 Rb8 59. g7 Rg8 60.
Be7 b3 61. cxb3 Rxg7 62. Bd8+ Ka6 63. bxa4 Rg2 64. Be2 Ng3 65. Re1 c2 66. Bf3
Rf2 67. Bh1 Rh2 68. Bxd5 exd5 69. Bc7 Rh1 70. Rxh1 Nxh1 71. Kxc2 Nf2 72. Kb3
Ng4 73. Bf4 Ka5 74. Bg5 Nf2 75. Bd8+ Ka6 76. Kb4 Nd3+ 77. Kc3 Nf2 78. Kd2 Ne4+
79. Kd3 Kb7 80. Be7 Ka6 81. Bb4 Nf6 82. Ke2 Nd7 83. a5 Kb5 84. Be1 Nb8 85. Kf3
Kc6 86. Kf4 Na6 87. Ke5 Nc7 88. Bb4 Nb5 89. a6 Na7 90. Bc5 Nb5 91. a7 Nc7 92.
Bd6 Na8 93. Ke6 Nb6 94. Bc5 Na8 95. Ke5 Nc7 96. Bb4 Kb6 97. a8=N+ Nxa8 98. Kxd5
Kc7 99. Ba5+ 1-0

[Event "27th 4NCL OTB Congress"]
[Site "Harrogate, United Kingdom"]
[Date "2022.01.23"]
[Round "4.6"]
[White "Hunt, Harriet V"]
[Black "Horspool, Philip J"]
[Result "1-0"]
[WhiteElo "2413"]
[BlackElo "2068"]
[PlyCount "78"]
[EventDate "2022.01.21"]

1. e4 e5 2. Nf3 Nc6 3. Bb5 f5 4. Nc3 fxe4 5. Nxe4 Nf6 6. Qe2 d5 7. Nxf6+ gxf6
8. d4 Bg7 9. dxe5 O-O 10. Bxc6 bxc6 11. e6 Re8 12. O-O Bxe6 13. Nd4 Qd7 14. Qd3
c5 15. Nxe6 Qxe6 16. Bf4 Qe4 17. Qd2 c6 18. Rfe1 Qd4 19. Qxd4 cxd4 20. Kf1 Bf8
21. Rad1 Bc5 22. Rxe8+ Rxe8 23. Re1 Rxe1+ 24. Kxe1 Kf7 25. Bd2 Ke6 26. h3 Bb6
27. b4 c5 28. bxc5 Bxc5 29. Ke2 Ba3 30. Kd3 Kd6 31. Bf4+ Kc6 32. Bh6 Be7 33. f3
Kd6 34. Kxd4 Ke6 35. g4 Ba3 36. Bf4 Be7 37. Bb8 a6 38. f4 f5 39. gxf5+ Kxf5 1-0

[Event "27th 4NCL OTB Congress"]
[Site "Harrogate, United Kingdom"]
[Date "2022.01.23"]
[Round "4.7"]
[White "Burnett, Andrew"]
[Black "Bradbury, Neil H"]
[Result "0-1"]
[WhiteElo "2183"]
[BlackElo "2310"]
[PlyCount "48"]
[EventDate "2022.01.21"]

1. e4 c6 2. d4 d5 3. e5 Bf5 4. Nf3 e6 5. Be2 c5 6. O-O Nc6 7. Be3 Nge7 8. dxc5
Bg6 9. Na3 Nf5 10. Bg5 f6 11. Bf4 Bxc5 12. c3 O-O 13. g4 Nh6 14. b4 Bb6 15. b5
Nxe5 16. Nxe5 fxe5 17. Bxe5 Qh4 18. Bg3 Qh3 19. Bd3 Nxg4 20. Bxg6 hxg6 21. Qe2
Bxf2+ 22. Rxf2 Rxf2 23. Qxe6+ Kh7 24. Qxd5 Raf8 0-1

[Event "27th 4NCL OTB Congress"]
[Site "Harrogate, United Kingdom"]
[Date "2022.01.23"]
[Round "4.9"]
[White "Smith, Andrew Philip"]
[Black "Gardiner, Eric D"]
[Result "1-0"]
[WhiteElo "2203"]
[BlackElo "2054"]
[PlyCount "68"]
[EventDate "2022.01.21"]

1. e4 d6 2. d4 Nf6 3. Nc3 e5 4. Nge2 Be7 5. f3 c6 6. Be3 O-O 7. Qd2 b5 8. g4 b4
9. Na4 exd4 10. Nxd4 c5 11. Nf5 Bxf5 12. exf5 Qe8 13. b3 Nc6 14. Be2 Nd7 15.
O-O Bf6 16. Rad1 Bd4 17. Bxd4 Nxd4 18. Bc4 Nb6 19. Nb2 Qc6 20. Kg2 Nxc4 21.
Nxc4 Rfe8 22. Qd3 Re2+ 23. Rf2 Rae8 24. Rd2 Rxf2+ 25. Rxf2 h6 26. c3 bxc3 27.
Qxc3 Re2 28. Rxe2 Nxe2 29. Qe3 Nd4 30. Nd2 Qa6 31. Kf2 Qxa2 32. Kg3 Qa1 33. Ne4
Qf1 34. Nc3 Nc2 1-0

[Event "27th 4NCL OTB Congress"]
[Site "Harrogate, United Kingdom"]
[Date "2022.01.23"]
[Round "4.10"]
[White "Gomez, Daniel"]
[Black "Sedykh, Mikhail"]
[Result "0-1"]
[WhiteElo "2072"]
[BlackElo "2249"]
[PlyCount "122"]
[EventDate "2022.01.21"]

1. e4 e6 2. d4 d5 3. Nc3 dxe4 4. Nxe4 Nd7 5. Nf3 Ngf6 6. Nxf6+ Nxf6 7. Bd3 c5
8. O-O cxd4 9. Nxd4 Bc5 10. Nb3 Bd6 11. a4 Qc7 12. h3 Bd7 13. Qe2 Nd5 14. Bb5
O-O 15. Bxd7 Qxd7 16. Rd1 Qe7 17. Nd2 Rac8 18. Ne4 Bb8 19. c3 Qc7 20. Ng3 Rfd8
21. Bg5 Rd7 22. Nf1 Qc6 23. Ne3 h6 24. Nxd5 hxg5 25. Ne3 Rcd8 26. Qb5 Qxb5 27.
axb5 Kf8 28. Kf1 Ke7 29. Ke2 f5 30. Rxd7+ Rxd7 31. Rd1 Rc7 32. Kd3 g6 33. c4
Rc8 34. b3 Be5 35. Ke2 Bd6 36. Rd3 Bc5 37. Nc2 Bb6 38. Nb4 Rh8 39. Kf3 Rh4 40.
Ke2 g4 41. Nc2 gxh3 42. Rxh3 Rxh3 43. gxh3 Kf6 44. f4 g5 45. b4 gxf4 46. c5 Bd8
47. Nd4 Ke5 48. Kd3 Kd5 49. c6 bxc6 50. bxc6 a6 51. h4 e5 52. Nxf5 e4+ 53. Ke2
Kxc6 54. h5 Kd5 55. h6 Ke5 56. h7 Bf6 57. Nh4 f3+ 58. Kd1 Kd4 59. Nf5+ Kd3 60.
Ke1 e3 61. Kd1 e2+ 0-1

[Event "27th 4NCL OTB Congress"]
[Site "Harrogate, United Kingdom"]
[Date "2022.01.23"]
[Round "4.11"]
[White "Townsend, M Paul"]
[Black "Eagleton, Greg T"]
[Result "1/2-1/2"]
[WhiteElo "2283"]
[BlackElo "2078"]
[PlyCount "50"]
[EventDate "2022.01.21"]

1. d4 Nf6 2. c4 c5 3. d5 b5 4. Qc2 bxc4 5. e4 d6 6. Bxc4 g6 7. Nf3 Bg7 8. O-O
O-O 9. Nc3 Nbd7 10. a4 Nb6 11. Bb5 Bd7 12. a5 Bxb5 13. Nxb5 a6 14. Na3 Nbd7 15.
Bd2 e6 16. dxe6 fxe6 17. Rae1 Ng4 18. h3 Nge5 19. Nxe5 Nxe5 20. Bc3 Nf3+ 21.
gxf3 Qg5+ 22. Kh2 Qf4+ 23. Kg1 Qg5+ 24. Kh2 Qf4+ 25. Kg1 Qg5+ 1/2-1/2

[Event "27th 4NCL OTB Congress"]
[Site "Harrogate, United Kingdom"]
[Date "2022.01.23"]
[Round "4.12"]
[White "Wilks, Simon"]
[Black "Bak, Christopher"]
[Result "1-0"]
[WhiteElo "2242"]
[BlackElo "2052"]
[PlyCount "99"]
[EventDate "2022.01.21"]

1. e4 e6 2. d4 d5 3. Nc3 Nf6 4. Bg5 Be7 5. e5 Nfd7 6. Bxe7 Qxe7 7. f4 O-O 8.
Nf3 c5 9. Qd2 Nc6 10. dxc5 Nxc5 11. O-O-O a6 12. Kb1 b5 13. Bd3 b4 14. Ne2 a5
15. Ned4 Nxd4 16. Nxd4 Ba6 17. Rhe1 Rfc8 18. f5 Kh8 19. Re3 b3 20. Nxb3 Bxd3
21. cxd3 Nxb3 22. axb3 exf5 23. d4 a4 24. Rc1 Rcb8 25. bxa4 Rxa4 26. Qc2 Rc4
27. Rc3 Rxc3 28. Qxc3 h6 29. Qc5 Qb7 30. Rc2 Qb3 31. Qc3 Qb5 32. Qf3 Qd7 33.
Rc5 Qb7 34. Qc3 Ra8 35. Rc6 Kh7 36. Qc2 g6 37. e6 Qa7 38. Qc3 Qa1+ 39. Kc2 Qa4+
40. Kd2 fxe6 41. Rxe6 Qd7 42. Qc6 Qa7 43. Qc5 Qa1 44. Qe7+ Kh8 45. Qf6+ Kg8 46.
Qxg6+ Kf8 47. Qxf5+ Kg7 48. Rg6+ Kh7 49. Qf7+ Kh8 50. Qg7# 1-0

[Event "27th 4NCL OTB Congress"]
[Site "Harrogate, United Kingdom"]
[Date "2022.01.23"]
[Round "4.13"]
[White "Gordon, Sean"]
[Black "Jarmany, John"]
[Result "1/2-1/2"]
[WhiteElo "1824"]
[BlackElo "2200"]
[PlyCount "73"]
[EventDate "2022.01.21"]

1. e4 c6 2. Nf3 d5 3. Nc3 dxe4 4. Nxe4 Bg4 5. Be2 Nd7 6. h3 Bxf3 7. Bxf3 Ngf6
8. Nxf6+ Nxf6 9. d4 e6 10. Bf4 Bd6 11. Qd2 Nd5 12. Bxd6 Qxd6 13. c4 Nf6 14. O-O
O-O 15. Rad1 Rfd8 16. Qc3 Qc7 17. g3 Rd7 18. Rd2 Rad8 19. Rfd1 Qb6 20. b4 Qc7
21. a4 a5 22. bxa5 Ra8 23. Rb2 h6 24. Rdb1 Qxa5 25. Qxa5 Rxa5 26. Rxb7 Rxb7 27.
Rxb7 Rxa4 28. Be2 Ra2 29. Kf1 Rd2 30. Rc7 Rxd4 31. Rxc6 Kf8 32. f3 Ke7 33. Kf2
Rd6 34. Rc7+ Rd7 35. Rc6 Rd6 36. Rc7+ Rd7 37. Rc6 1/2-1/2

[Event "27th 4NCL OTB Congress"]
[Site "Harrogate, United Kingdom"]
[Date "2022.01.23"]
[Round "4.14"]
[White "Mckay, Jonathan"]
[Black "Longson, Sarah N"]
[Result "0-1"]
[WhiteElo "1941"]
[BlackElo "2177"]
[PlyCount "88"]
[EventDate "2022.01.21"]

1. e4 e5 2. Nc3 Nf6 3. g3 d5 4. exd5 Nxd5 5. Bg2 Be6 6. Nf3 Nc6 7. Qe2 Nxc3 8.
bxc3 Bd6 9. d4 exd4 10. cxd4 Bb4+ 11. Bd2 Nxd4 12. Nxd4 Qxd4 13. Rd1 Bxd2+ 14.
Rxd2 Qa1+ 15. Rd1 Qc3+ 16. Qd2 Qxd2+ 17. Rxd2 c6 18. O-O Rd8 19. Re2 Kd7 20.
Rb1 Kc7 21. c3 Rd3 22. f4 Rhd8 23. Reb2 Rd1+ 24. Rxd1 Rxd1+ 25. Kf2 Ra1 26. Be4
Rxa2 27. Rxa2 Bxa2 28. Bxh7 a5 29. Ke3 a4 30. Kd2 g6 31. f5 g5 32. h4 gxh4 33.
gxh4 Kd6 34. h5 Ke7 35. h6 Kf6 36. Bg8 b5 37. h7 Kg7 38. f6+ Kh8 39. Kc2 a3 40.
Kc1 c5 41. Kd2 b4 42. Kd1 Be6 43. Kc2 b3+ 44. Kb1 Bf5+ 0-1

[Event "27th 4NCL OTB Congress"]
[Site "Harrogate, United Kingdom"]
[Date "2022.01.23"]
[Round "4.15"]
[White "Stokes, Michael"]
[Black "Pal, Rohan"]
[Result "0-1"]
[WhiteElo "2071"]
[BlackElo "1903"]
[PlyCount "82"]
[EventDate "2022.01.21"]

1. e4 c5 2. d4 cxd4 3. c3 dxc3 4. Nxc3 Nc6 5. Nf3 d6 6. Bc4 e6 7. Qe2 Be7 8.
O-O Bd7 9. Rd1 a6 10. Bf4 e5 11. Be3 Nf6 12. a4 O-O 13. h3 Rc8 14. Rac1 h6 15.
Nh4 Kh7 16. Nf3 Be6 17. Bxe6 fxe6 18. g4 Qe8 19. Kh2 Qg6 20. g5 Nxe4 21. gxh6
Nxc3 22. Rxc3 gxh6 23. Rg1 Qf5 24. Rg3 d5 25. Bc5 Bxc5 26. Ng5+ Qxg5 27. Rxg5
Rxf2+ 28. Qxf2 Bxf2 29. Rg2 Bd4 30. Rf3 Rc7 31. Rf6 Re7 32. Rgg6 Be3 33. Kg2
Nd4 34. h4 Rg7 35. h5 Bg5 36. Rf8 Rxg6 37. hxg6+ Kxg6 38. Rb8 b5 39. Ra8 bxa4
40. Rxa6 Bc1 41. Rb6 Kf5 0-1

[Event "27th 4NCL OTB Congress"]
[Site "Harrogate, United Kingdom"]
[Date "2022.01.23"]
[Round "4.16"]
[White "Pink, Joshua"]
[Black "Lampard, Alice"]
[Result "1-0"]
[WhiteElo "2057"]
[BlackElo "1953"]
[PlyCount "135"]
[EventDate "2022.01.21"]

1. e4 c5 2. Nf3 Nc6 3. d4 cxd4 4. Nxd4 g6 5. c4 Bg7 6. Be3 Qb6 7. Nb5 Qa5+ 8.
Bd2 Qb6 9. N1c3 Nf6 10. c5 Qd8 11. Bf4 O-O 12. Be2 Ne8 13. Rc1 a6 14. Na3 b5
15. cxb6 Qxb6 16. Nc4 Bxc3+ 17. Rxc3 Qd8 18. h4 Nf6 19. e5 Ne4 20. Re3 Nc5 21.
h5 Bb7 22. Bh6 Re8 23. hxg6 fxg6 24. Qd5+ Ne6 25. Bg4 Ncd4 26. Qxb7 Nc2+ 27.
Kf1 Nxe3+ 28. Bxe3 Nf8 29. Qf3 Qc7 30. b3 Qc6 31. Qxc6 dxc6 32. Na5 h5 33. Bf3
Rac8 34. Nxc6 Nd7 35. Ke2 Kf7 36. Rd1 Rc7 37. Nb4 a5 38. Rxd7 Rxd7 39. Bc6 axb4
40. Bxd7 Ra8 41. Ba4 Rc8 42. Kd2 Ke6 43. f4 Kd5 44. Bb5 Ra8 45. Bc4+ Kc6 46.
Kd3 Rxa2 47. Bd2 Kc5 48. g3 Ra1 49. Ke4 Ra2 50. Be3+ Kc6 51. Bf7 Ra3 52. Bc1
Ra1 53. Bd2 Rg1 54. Kf3 Rb1 55. Bxb4 Kd7 56. Bc5 e6 57. b4 Rb3+ 58. Kg2 Rb2+
59. Kh3 Ra2 60. Bxg6 Ra8 61. Bxh5 Rh8 62. g4 Rh7 63. Kg3 Kc6 64. Bg6 Rg7 65. f5
exf5 66. gxf5 Kd5 67. Kf4 Rc7 68. e6 1-0

[Event "27th 4NCL OTB Congress"]
[Site "Harrogate, United Kingdom"]
[Date "2022.01.23"]
[Round "4.17"]
[White "Nicholson, Jim W R"]
[Black "Waterfield, Mark"]
[Result "1-0"]
[WhiteElo "2028"]
[BlackElo "1822"]
[PlyCount "71"]
[EventDate "2022.01.21"]

1. d4 d5 2. Nf3 Nf6 3. e3 c5 4. b3 Nc6 5. Bb2 Bf5 6. a3 e6 7. Bd3 Ne4 8. O-O
Qf6 9. Qe2 Bg4 10. c4 Ng5 11. Nbd2 Qh6 12. h4 Nxf3+ 13. Nxf3 Be7 14. Qd1 cxd4
15. exd4 Bxh4 16. cxd5 exd5 17. Qe1+ Be6 18. Bf5 Be7 19. Bxe6 Qxe6 20. Rc1 Qd7
21. Ne5 Qd6 22. Nxc6 bxc6 23. Qc3 Rc8 24. b4 O-O 25. Qf3 Bf6 26. Rfe1 Rfe8 27.
Re2 Qd7 28. Rce1 Rxe2 29. Qxe2 Kf8 30. Qc2 g6 31. Qc5+ Be7 32. Qc3 Bf6 33. Bc1
Qg4 34. Bh6+ Kg8 35. Qxc6 Rf8 36. Qxf6 1-0

[Event "27th 4NCL OTB Congress"]
[Site "Harrogate, United Kingdom"]
[Date "2022.01.23"]
[Round "4.19"]
[White "Wedge, David C"]
[Black "Faulkner, Martin J"]
[Result "1-0"]
[WhiteElo "1906"]
[BlackElo "2017"]
[PlyCount "125"]
[EventDate "2022.01.21"]

1. e4 c5 2. Nc3 a6 3. g3 b5 4. Bg2 Bb7 5. f4 e6 6. d3 d5 7. Qe2 Nc6 8. Nf3 Nd4
9. Nxd4 cxd4 10. Nd1 dxe4 11. dxe4 Nf6 12. O-O Rc8 13. b3 Qc7 14. Rf2 Bc5 15.
Qd3 O-O 16. Bd2 Rfd8 17. a3 Ng4 18. Re2 Ne3 19. Bb4 Nxg2 20. Kxg2 Bxb4 21. axb4
Qe7 22. Qd2 Rxc2 23. Qxc2 d3 24. Qc5 Qxc5 25. bxc5 dxe2 26. Nc3 Rd3 27. Nxe2 b4
28. Kf2 Kf8 29. Ra4 Rxb3 30. Nd4 Rb2+ 31. Ke3 Ke8 32. c6 Bc8 33. Kd3 Kd8 34.
Kc4 Kc7 35. Rxb4 Rxh2 36. Kc5 Rh1 37. Ne2 Ra1 38. Rc4 Ra2 39. Nd4 Rg2 40. Rc3
h5 41. f5 e5 42. Nc2 Rg1 43. Ne3 Rb1 44. Nd5+ Kb8 45. Kd6 f6 46. Ke7 Rb5 47.
Kf7 a5 48. Kxg7 a4 49. Ra3 Rb3 50. Rxa4 Rxg3+ 51. Kxf6 h4 52. Rb4+ Ka7 53. Kxe5
h3 54. Rb1 h2 55. Rh1 Rg2 56. Ne3 Re2 57. Ng4 Kb6 58. Rxh2 Re1 59. Rh6 Rc1 60.
Ne3 Rc5+ 61. Nd5+ Ka7 62. Kd6 Ra5 63. Rh8 1-0